| 000 | 01135cam a2200337 i 4500 | ||
|---|---|---|---|
| 999 |
_c8002 _d8002 |
||
| 001 | 991060536806106706 | ||
| 003 | OSt | ||
| 005 | 20241218131821.0 | ||
| 008 | 210621s2021 spc| ||||||||||||||spa |----|c | ||
| 015 |
_aLL2022 _2bnc |
||
| 017 |
_aDL B 20743-2021 _bBiblioteca de Catalunya |
||
| 020 | _a9788491688242 | ||
| 035 | _a(OCoLC)1331534261 | ||
| 040 |
_aES-BaUB _bcat _erda _cCDMR |
||
| 080 |
_a32.019.5 _22004 |
||
| 080 |
_a316.77:32 _22004 |
||
| 080 |
_a808.51:32 _22004 |
||
| 245 | 0 | 0 |
_aRelata, que algo queda : la lucha por la construcción del relato en política / _cJoan-Gabriel Burguera-Serra ; Anna Tarragó Mussons (eds.) |
| 260 |
_aBarcelona : _bEdicions de la Universitat de Barcelona, _c2021 |
||
| 300 |
_a210 pàgines ; _c22 cm |
||
| 490 | 1 |
_aPeriodismo activo ; _v20 |
|
| 504 | _aInclou referències bibliogràfiques | ||
| 650 | 7 |
_aOratòria política _2lemac |
|
| 650 | 7 |
_aComunicació en la política _2lemac |
|
| 700 | 1 | _aTarragó Mussons, Anna, | |
| 700 | 1 | _aBurguera Serra, Joan G., | |
| 830 | 0 |
_aPeriodismo activo ; _v20 |
|
| 908 |
_aUB _aBC _aUAB _aBPC _aURV |
||
| 940 | _aUB | ||
| 942 |
_2udc _cMON |
||